Mandátna zmuva

Základné princípy mandátnej zmluvy. Povinnosti a práva mandanta a mandantára.

Salvato in:
Dettagli Bibliografici
Autore principale: Mintál, Ján
Natura: Capitolo di libro
Lingua:slovacco
Soggetti:
Tags: Aggiungi Tag
Nessun Tag, puoi essere il primo ad aggiungerne!!

MARC

LEADER 00000naa a2200000 4500
001 0224821
005 20231120131140.7
041 0 |a slo 
044 |a SK 
245 1 0 |a Mandátna zmuva  |c Ján Mintál 
520 |a Základné princípy mandátnej zmluvy. Povinnosti a práva mandanta a mandantára. 
610 2 0 |a zmluvy mandátne 
610 2 0 |a obstarávanie 
610 2 0 |a zákonník obchodný 
100 1 |a Mintál, Ján